Litery, które są słowami - Statystyki

Ogólne statystyki
  • Ten quiz został rozwiązany 287 razy
    252 od ostatniego zresetowania
  • Średni wynik to 6 z 7
Statystyki odpowiedzi
Przykładowe zdanie Litera % Poprawnych
Byłem wczoraj w szkole, a ty? A
95%
Mam psa i kota I
88%
Rozwiązuję quiz o Stalowej Woli O
85%
Widziałem go z telefonem w ręce Z
83%
Berlin leży w Niemczech W
82%
Byłem wczoraj u babci U
78%
E tam, nie zależy mi na tym E
72%
Nie znaleziono quizów pasujących do podanych kryteriów
Rozkład punktacji
Procent ludzi z każdym wynikiem
Percentyl według liczby udzielonych odpowiedzi
Twoja historia wyników
Nie rozwiązałeś tego quizu od ostatniego zresetowania